[Event "Dubai op 6th"]
[Site "Dubai"]
[Date "2004.04.19"]
[Round "1"]
[White "Bouaziz, Slim"]
[Black "Sasikiran, Krishnan"]
[Result "0-1"]
[WhiteElo "2345"]
[BlackElo "2659"]
[Annotator "Huzman,A"]
[PlyCount "93"]
[EventDate "2004.04.19"]
[EventType "swiss"]
[EventRounds "9"]
[EventCountry "UAE"]
[SourceTitle "CBM 101"]
[Source "ChessBase"]
[SourceDate "2004.07.27"]
[SourceVersion "1"]
[SourceVersionDate "2004.07.27"]
[SourceQuality "1"]

1. d4 d5 2. c4 dxc4 3. e3 Nf6 4. Bxc4 e6 5. Nc3 a6 6. Nf3 b5 7. Bb3 Bb7 8. O-O
c5 9. Qe2 Nbd7 10. Rd1 Qb8 11. d5 c4 12. dxe6 fxe6 13. Bc2 Bd6 14. e4 (14. Ng5
Nc5 15. f4 Qc7 (15... O-O 16. b4 cxb3 17. axb3 h6 18. Nf3 $132) 16. b4 $1 $132
{Hoi,C-Borge,N/DEN-ch/1996/1-0}) (14. g3 O-O (14... b4 15. Nb1 Qc7 16. Nbd2 c3
17. Nb3 Rc8 18. Nbd4 Bxf3 (18... e5 $5 19. Ne6 Qc6 $17) 19. Qxf3 $13 {0-1
Melvage,G-Trevis,R/IECG 2003/Telechess CBM 97 (35)}) 15. Nd4 e5 16. Nf5 Bc5 17.
e4 g6 18. Ne3 Bd4 19. a4 Nc5 20. axb5 axb5 21. Rxa8 Bxa8 22. f3 Kh8 23. Kg2 Ne6
24. Rf1 Bc5 25. Ncd5 Nd4 $17 {Levin,F-Ibragimov,I/Linares op (07)/1994/1/2-1/2
(55)}) (14. h3 O-O 15. Ng5 Nc5 16. Rd4 Bh2+ 17. Kh1 Be5 18. Rh4 h6 19. Nge4
Nfxe4 (19... Nd3 $1 $17) 20. Nxe4 Bxe4 21. Bxe4 Qd8 22. Bxa8 Qxh4 23. Bf3 Nd3
$17 {1-0 Khomyakov,V-Ibragimov,I/Warsaw Legion op (08)/1991/ (38)}) (14. a4 O-O
15. axb5 axb5 16. Rxa8 Bxa8 17. h3 b4 18. Nb5 Bxf3 19. Qxf3 Qxb5 20. Rxd6 Ne8
$19 {0-1 De Villiers,C-Gonzalez Garcia,J/Elista 1998/CBM 66 ext (29)}) 14...
O-O 15. h3 (15. a4 Ne5 16. Nxe5 Bxe5 17. axb5 axb5 18. Rxa8 Bxa8 19. h3 Bc6 $17
{0-1 Tozer,R-Shaw,J/BCF-ch (08)/1992/ (34)}) (15. Bg5 Ne5 (15... Ng4 16. h3
Nge5 17. Nxe5 Nxe5 18. Be3 Qc7 19. Rd2 Bc5 20. Rf1 Rad8 $17 {0-1 Mirzoev,
A-Ibragimov,I/Ubeda 2001/CBM 80 ext (54)}) (15... Bc5 16. h3 Qc7 17. Rd2 h6 18.
Bh4 g5 19. Bxg5 hxg5 20. Nxg5 Rae8 21. Rad1 Re7 22. Kh1 Qf4 $19 {0-1 Roelli,
C-Roschina,T/Silvaplana SUI 2003/(38)}) 16. Nxe5 (16. Nd4 b4 17. Na4 Nd3 $1 18.
Bxf6 Bxh2+ 19. Kf1 Rxf6 20. Bxd3 cxd3 21. Rxd3 Qe5 $17 {0-1 Rabinovich,
A-Ivanov,S/Halkidiki 2002/CBM 92/[Huzman] (40)}) 16... Bxe5 17. h3 Qc7 18. Rd2
Rf7 19. Rad1 Raf8 20. a3 Bc6 21. Qe3 Nd7 {0-1 Schwarz,A-Ibragimov,E/URS-chT
Podolsk/1990/ (42)} (21... h6 $1 $17)) 15... Qc7 (15... Bf4 16. Ng5 $1 Nc5 17.
Be3 $16 {1-0 Gerusel,M-Todorcevic,M/Monte Carlo-B/1969/ (32)}) (15... h6 $5)
16. a3 (16. Be3 Rae8 (16... Nc5 17. Bd4 Nh5 $36 {0-1 Vasseur,O-Van Melis,A/
ICCF Email 2000/ICCF Telechess (28)}) 17. Rac1 Bb4 18. Bg5 Nc5 19. Bxf6 Rxf6
20. Ng5 Bxc3 21. bxc3 Nd3 22. Bxd3 cxd3 23. Rxd3 Qf4 $44 {0-1 Postl,
A-Ibragimov,I/Graz op (02)/1995/ (50)}) (16. Nd4 Rae8 17. Kh1 Bc5 18. Be3 Kh8
19. Rac1 b4 20. Na4 Ba7 21. Bb1 Bb8 22. f4 e5 $17 {0-1 Belozerov,A-Skomorokhin,
R/St.Petersburg op2 (05)/1994/ (40)}) (16. Bg5 Bf4 (16... b4 17. Na4 h6 18.
Bxf6 Rxf6 19. Rd4 $16 {1-0 Parwicz,W-Kowalski,B/Email 2002/Telechess CBM 93 
(69)}) 17. Bxf4 Qxf4 18. a3 Ne5 19. Nd4 Rae8 20. Qd2 Nh5 $36 {1/2-1/2 Lugovoi,
A-Makarov,M/Elista 1997/CBM 59 (50)}) 16... Rae8 (16... Nc5 17. Rxd6 Qxd6 18.
e5 Bxf3 19. gxf3 Qc6 20. exf6 Rxf6 {1/2-1/2 Mandel,A-Raetsky,A/Cappelle op (07)
1995}) (16... Bc5 17. Be3 Bxe3 18. Qxe3 Qc5 19. Nd4 Rae8 20. b4 $14 {1-0
Garmendez Gonzalez,F-Gonzalez Garcia,J/Merida 2000/CBM 79 ext (58)}) (16...
Rad8 17. Be3 Rfe8 18. Rac1 Ne5 19. Nxe5 Bxe5 20. Bg5 Rf8 21. Rxd8 Rxd8 $15 {
0-1 Gebhardt,U-Forsberg,T/ICCF 2000/ICCF tele 9/2002 (48)}) 17. Nd4 (17. Bg5
Bc5 18. Kh1 Ba7 19. Rd2 Bb8 20. g3 Nc5 21. Rad1 h6 22. Bf4 e5 23. Nxe5 Qc8 24.
Ng6 Ncxe4 {0-1 Kummer,H-Skomorokhin,R/Graz op (06)/1995/ (31)}) (17. Be3 Ne5
18. Nd4 Ng6 19. b4 Qe7 20. Rab1 Kh8 21. Kh1 Rc8 22. Nf3 Nh5 $36 {0-1 Sasikiran,
K-Hansen,C/Skanderborg DEN 2003/ (45)}) 17... Nc5 18. Kh1 (18. Qe3 Be5 19. Nde2
Rd8 20. Rxd8 Rxd8 21. f4 Bxc3 22. Nxc3 e5 $17 23. Qf3 Nd3 24. fxe5 Qxe5 25.
Bxd3 Rxd3 26. Qf4 Qd4+ 27. Kh2 Bxe4 {0-1 Tsorbatzoglou,T-Ibragimov,I/Ikaria op
(07)/1994/ (39)}) 18... Be5 {[%cal Ye8d8]} 19. Bg5 h6 20. Bxf6 Rxf6 $17 {
This Merano-like position provides Black with everything: a pawn advantage on
the Q-side, offensive chances on the other half of the board and a couple of
strong Bs} 21. Qe3 Ref8 22. f3 Bf4 23. Qg1 Qe7 24. Re1 Nd7 25. Nd1 Bb8 26. Ne3
Ne5 27. Rad1 h5 (27... Rd8 $5 28. Re2 Bc7 29. Red2 Ba5 30. Re2 Bb6 31. Red2
Rff8 $17 {[%cal Ye7f6,Yf6d4,Yb6d4,Yd8d4]}) 28. Nf1 Rg6 29. Qe3 Qf6 30. Re2 Ba7
31. Qc3 Qg5 (31... Nd3 $1 32. e5 Qh4 33. Rxd3 cxd3 34. Qxd3 Rh6 35. Nxe6 Rxe6
36. Bb3 Qe7 37. Qg6 Bc8 38. Ng3 Kh8 39. Bxe6 Qxe6 $17) 32. Nh2 Bb8 33. Qd2 (33.
a4 $5 $132) 33... Qh4 34. Qe1 Qf4 35. Nf1 Ba7 36. Nh2 Qf7 37. Red2 Bb8 38. Qh4
Rf6 39. Ne2 {White has valiantly defended his position but now he stumbles by
overlooking the threat along the weak "b8-h2" diagonal} (39. Nf1 $142 Rf4 $140
$2 40. Qxf4 $5 Qxf4 41. Nxe6 Qf6 42. Nxf8 Nxf3 43. Rd8 $16) 39... Qc7 $1 40.
Qxh5 $4 {[%mdl 8192]} (40. f4 Nd3 $1 (40... Ng6 41. Qg5 Nxf4 42. Rd7 Rg6 43.
Qe7 Nxe2 $1 44. Rxc7 Ng3+ 45. Kg1 Ba7+ 46. Rc5 Rf7 47. Rd8+ Kh7 48. Qd6 Bxe4
$17 (48... Nxe4 $5 49. Bxe4 Bxe4 $17)) 41. Bxd3 (41. e5 Bxg2+ $1 42. Kxg2 Qb7+
43. Nf3 Nxf4+ 44. Nxf4 Rxf4 45. Qxh5 Qxf3+ 46. Qxf3 Rxf3 $17) 41... cxd3 42.
Rxd3 Bxe4 43. Rc3 Qf7 $17) 40... Rh6 $19 41. Qg5 Nf7 42. Qg3 Qxg3 43. Nxg3 Bxg3
44. Ng4 Rh5 45. Rd7 Bc8 46. Ra7 Ne5 47. Ra1 0-1

[Event "Europe-Tartarstan m"]
[Site "Kazan"]
[Date "2001.08.16"]
[Round "2"]
[White "Chiburdanidze, Maia"]
[Black "Galliamova, Alisa"]
[Result "1/2-1/2"]
[WhiteElo "2513"]
[BlackElo "2547"]
[Annotator "Huzman,A"]
[PlyCount "57"]
[EventDate "2001.08.15"]
[EventType "team"]
[EventRounds "2"]
[EventCountry "RUS"]
[SourceTitle "CBM 085"]
[Source "ChessBase"]
[SourceDate "2001.11.13"]
[SourceVersion "1"]
[SourceVersionDate "2001.11.13"]
[SourceQuality "1"]

1. d4 d5 2. c4 dxc4 3. e3 e6 4. Bxc4 c5 5. Nf3 a6 6. O-O Nf6 7. Qe2 b5 8. Bb3
Bb7 9. a4 b4 10. a5 $5 Be7 11. Ba4+ Nbd7 12. Ne5 {[%cal Ge5c6]} Qc7 13. e4 $1
O-O $1 (13... cxd4 14. Bf4 Bd6 15. Rc1 Qb8 16. Nxd7 Nxd7 17. e5 Be7 18. Qg4 $44
) 14. Bf4 Bd6 (14... Nxe5 15. dxe5 (15. Bxe5 Qxa5 16. Nd2 cxd4 17. Nc4 Qc5 $17)
15... Nd7 16. Bxd7 Qxd7 17. Rd1 Qc6 18. Nd2 f5 $1 $13) (14... Qxa5 15. Nd2 Qd8
16. Nc6 Bxc6 (16... Qe8 17. Na5 Qc8 18. Rfc1 $44) 17. Bxc6 Ra7 18. d5 exd5 19.
e5 Ne8 20. Bxd5 $44) 15. Nxd7 Nxd7 16. Bxd6 (16. e5 Be7 17. Qg4 Rfd8 $17) 16...
Qxd6 17. Nd2 (17. Bxd7 Qxd7 18. dxc5 Qd4 19. Rc1 Rfd8 $17) 17... Rad8 (17...
cxd4 18. Nc4 Qc7 (18... d3 19. Nxd6 dxe2 20. Rfc1 e1=Q+ 21. Rxe1 Nc5 22. Rec1
Rad8 23. e5 $16)) 18. Nc4 Qe7 (18... Qf4 19. Bxd7 (19. Rad1 cxd4 20. Rxd4 Nc5
$17) 19... Rxd7 20. dxc5 Qxe4 21. Qxe4 Bxe4 22. Rfe1 Bc6 $11) 19. e5 (19. Rfd1
cxd4 20. Rxd4 Nc5 $17) 19... cxd4 20. Nd6 Nc5 (20... d3 $1 21. Qe3 Ba8 22. Bxd7
Rxd7 23. Rfd1 f6 24. f4 fxe5 25. fxe5 Rc7 26. Rxd3 Rc2 $17) 21. Qc2 Rxd6 (21...
Bxg2 22. Kxg2 (22. Qxc5 Bf3 $1) 22... Qg5+ 23. Kh1 Qxe5 24. Nc4 Qd5+ 25. f3 d3
26. Qc1 d2 27. Nxd2 Nxa4 $19) 22. exd6 Qxd6 $15 23. Rfc1 Qd5 24. f3 Rc8 25. Qc4
$1 $11 e5 26. Qxd5 Bxd5 27. Bd1 Rc6 28. Be2 d3 29. Bf1 1/2-1/2

[Event "EU-Cup 18th"]
[Site "Kallithea"]
[Date "2002.09.24"]
[Round "3.5"]
[White "Rabinovich, Alexander"]
[Black "Ivanov, Sergey"]
[Result "0-1"]
[WhiteElo "2435"]
[BlackElo "2561"]
[Annotator "Huzman,A"]
[PlyCount "80"]
[EventDate "2002.09.22"]
[EventType "team-swiss"]
[EventRounds "7"]
[EventCountry "GRE"]
[SourceTitle "CBM 092"]
[Source "ChessBase"]
[SourceDate "2003.02.06"]
[SourceVersion "1"]
[SourceVersionDate "2003.02.06"]
[SourceQuality "1"]
[WhiteTeam "Saba Hapoel"]
[BlackTeam "St Petersburg"]
[WhiteTeamCountry "ISR"]
[BlackTeamCountry "RUS"]

1. d4 e6 2. c4 d5 3. Nc3 Nf6 4. Nf3 dxc4 5. e3 a6 6. Bxc4 c5 7. O-O b5 8. Bb3
Bb7 9. Qe2 Nbd7 10. Rd1 Qb8 11. d5 $6 c4 12. dxe6 fxe6 13. Bc2 Bd6 14. e4 O-O
15. Bg5 (15. h3 Qc7 (15... Bf4 16. Ng5 Nc5 17. Be3 Bxe3 18. Qxe3 Nd3 19. Bxd3
cxd3 20. a3 Qe8 21. Rxd3 h6 22. Qb6 hxg5 23. Qxb7 $16 {1-0 Gerusel,
M-Todorcevic,M/Monte Carlo 1969/MCD (32)}) 16. Be3 (16. a3 Nc5 17. Rxd6 Qxd6
18. e5 Bxf3 19. gxf3 Qc6 20. exf6 Rxf6 $16 {1/2-1/2 Mandel,A-Raetsky,A/
Cappelle la Grande 1995/EXT 97 (20)}) (16. Nd4 Rae8 17. Kh1 Bc5 18. Be3 Kh8 19.
Rac1 b4 20. Na4 Ba7 21. Bb1 Bb8 22. f4 e5 23. Rxc4 Qa5 24. Nc6 Qxa4 $19 {
0-1 Belozerov,A-Skomorokhin,R/St Petersburg 1994/CBM 43 ext (40)}) (16. Bg5 Bf4
17. Bxf4 Qxf4 18. a3 Ne5 19. Nd4 Rae8 20. Qd2 Nh5 21. Qe2 Qg5 22. Qe3 Nf4 $17 {
1/2-1/2 Lugovoi,A-Makarov,M/Elista 1997/CBM 59 (50)}) 16... Rae8 17. Rac1 Bb4
18. Bg5 Nc5 19. Bxf6 Rxf6 20. Ng5 Bxc3 21. bxc3 Nd3 22. Bxd3 cxd3 23. Rxd3 Qf4
24. Qe3 h6 25. e5 Qxe3 26. Rxe3 Rf4 27. Nf3 Ra4 $44 {0-1 Postl,A-Ibragimov,I/
Graz 1995/EXT 98 (50)}) (15. a4 Ne5 16. Nxe5 Bxe5 17. axb5 axb5 18. Rxa8 Bxa8
19. h3 Bc6 20. Qe3 Qb7 21. f3 Bb8 22. Qg5 Qc7 23. f4 Qb6+ 24. Kh2 Qf2 $17 {
0-1 Tozer,R-Shaw,J/Plymouth 1992/CBM 30 ext (34)}) 15... Ne5 (15... Ng4 16. h3
Nge5 17. Nxe5 Nxe5 18. Be3 Qc7 19. Rd2 Bc5 20. Rf1 Rad8 21. Rfd1 Rde8 22. a3
Rf7 23. Rf1 Ref8 24. Nd1 Ng6 $36 {0-1 Mirzoev,A-Ibragimov,I/Ubeda 2001/CBM 80
ext (54)}) 16. Nd4 (16. Nxe5 Bxe5 17. h3 Qc7 18. Rd2 Rf7 19. Rad1 Raf8 20. a3
Bc6 21. Qe3 Nd7 22. Qe1 a5 23. Bb1 b4 24. axb4 axb4 25. Na2 c3 26. bxc3 bxc3
27. Re2 Bb5 28. Bd3 Bxd3 29. Rxd3 Qc4 $17 {0-1 Shvartz,A-Ibragimov,I/Podolsk
1990/TD (42)}) 16... b4 17. Na4 Nd3 $1 {[%csl Re4]} 18. Bxf6 Bxh2+ 19. Kf1 Rxf6
20. Bxd3 cxd3 21. Rxd3 (21. Qxd3 Qf4 22. f3 Bxe4 $19) 21... Qe5 22. Nf3 (22.
Nb6 Raf8 23. Nf3 (23. Nd7 Rxf2+ 24. Qxf2 Rxf2+ 25. Kxf2 Qxe4 $19) 23... Qxe4
24. Nd7 Rxf3 25. gxf3 (25. Rxf3 Qxe2+ 26. Kxe2 Bxf3+ 27. gxf3 Rc8 $19 {[%csl
Rd7]}) 25... Qg6 26. Ke1 Rf5 $1 27. Rad1 Bf4 $17 {[%csl Rd7,Re1][%cal Yh7h1]})
22... Qh5 (22... Qxe4 23. Nc5 Qxe2+ 24. Kxe2 Bxf3+ 25. Rxf3 Bd6 26. Nd3 $17)
23. Nb6 Re8 24. Nxh2 $2 (24. Nd7 $142 Rg6 25. Nfe5 Qxe2+ 26. Kxe2 Rxg2 $17)
24... Qxh2 25. Rh3 Qc7 26. Nc4 Rf4 $1 27. Nd2 Ref8 28. f3 Qc2 $19 29. Nc4 (29.
Nb3 Bxe4 $19) (29. b3 Rd8 30. Ke1 Qc3 31. Rd1 Rd3 32. Kf1 Rf8 $19) 29... Qxe4
30. Qxe4 Bxe4 31. Ne3 Rd8 32. Rc1 Bg6 33. Rg3 Rd2 34. Ng4 Rxb2 35. Rc8+ Rf8 36.
Rc7 Rxa2 37. Rb7 Rc8 38. Kg1 Rc1+ 39. Kh2 Raa1 40. Rb8+ Kf7 0-1

[Event "EU-ch 4th"]
[Site "Istanbul"]
[Date "2003.06.11"]
[Round "11"]
[White "Istratescu, Andrei"]
[Black "Sturua, Zurab"]
[Result "1-0"]
[WhiteElo "2593"]
[BlackElo "2545"]
[Annotator "Huzman,A"]
[PlyCount "66"]
[EventDate "2003.05.30"]
[EventType "swiss"]
[EventRounds "13"]
[EventCountry "TUR"]
[SourceTitle "CBM 096"]
[Source "ChessBase"]
[SourceDate "2003.09.25"]
[SourceVersion "1"]
[SourceVersionDate "2003.09.25"]
[SourceQuality "1"]

1. d4 Nf6 2. c4 e6 3. Nf3 d5 4. Nc3 dxc4 (4... c6 5. e3 Nbd7 6. Bd3 dxc4 7.
Bxc4 b5 8. Bb3 a6 9. O-O Bb7 10. Qe2 c5 11. Rd1 Qb6 12. a4 c4 13. Bc2 b4 14. a5
Qc7 15. Na4 Qxa5 16. Qxc4 Rc8 17. Qe2 Bxf3 18. gxf3 Qg5+ 19. Kh1 Qh5 20. Bd3
Bd6 21. f4 Ng4 22. f3 Nxh2 23. Kg2 g5 24. Rh1 g4 $11 {1/2-1/2 Lukacs,P-Wells,P/
Austria 2000/CBM 81 ext (47)}) 5. e3 a6 6. Bxc4 b5 7. Bb3 Bb7 8. O-O c5 9. Qe2
Nbd7 10. Rd1 Qb6 11. a4 c4 12. Bc2 b4 13. a5 Qc7 14. Na4 Qxa5 (14... Rc8 15.
Nb6 (15. Nd2 Qxa5 16. e4 Qh5 17. f3 Qb5 18. b3 c3 19. Bd3 Qc6 20. Nc4 Qc7 21.
Bg5 Be7 22. e5 h6 23. Bh4 Nd5 24. Bxe7 Kxe7 25. Nd6 $44 {1-0 Saladen,R-Castro
Rojas,O/Medellin 2001/EXT 2002 (32)}) (15. e4 b3 16. Bb1 Qxa5 17. e5 Nd5 18.
Ng5 Bb4 (18... Be7 19. Qh5 g6 20. Qh6 Bxg5 21. Bxg5 Qb4 22. Nc5 Nxc5 23. Qg7
Rf8 24. dxc5 Qxc5 25. Bh6 Qe7 26. Qxh7 Kd7 27. Bxf8 Rxf8 28. Qh3 Qg5 $44 {
1/2-1/2 Agdamus,J-Pilnik,H/Buenos Aires 1972/MCD (51)}) 19. Qf3 Rf8 20. Qh5 Kd8
21. Nxf7+ Kc7 22. Nd6 Bxd6 23. exd6+ Kb8 24. Nc5 Qxa1 25. Nxd7+ Ka7 26. Nxf8
Rxf8 $17 {0-1 Hoi,C-Sadler,M/Yerevan 1996/EXT 97/[Dolmatov] (30)}) 15... b3 (
15... Nxb6 16. axb6 Qxb6 17. Ba4+ Ke7 18. Ne5 Bd5 19. f3 c3 20. bxc3 Rxc3 21.
e4 Bb7 22. Kh1 Ne8 23. Bd2 {1-0 Horak,J-Manukian,A/IECG 2001/Complete 2001 (23)
}) 16. Nxd7 Nxd7 17. Bb1 Be7 18. Bd2 O-O 19. e4 Rfd8 20. e5 Nf8 21. Bc3 Ng6 22.
Qe3 Bd5 23. Be4 Qb7 $15 {1-0 Rasmusson,B-Brody,M/Warsaw 1935/EXT 2000 (44)}) (
14... Be7 15. e4 O-O 16. Bg5 h6 17. Bh4 Rfe8 18. Bg3 Qc6 19. Re1 Bd8 20. Nb6
Nxb6 21. Ne5 Qb5 22. axb6 b3 23. Bb1 Rc8 $17 {1-0 Lundin,E-Staehelin,A/Warsaw
1935/EXT 2000 (34)}) 15. e4 (15. Qxc4 Rc8 (15... Qh5 16. Qe2 Bd6 17. e4 $2
Bxh2+ $17 {0-1 Berczes,D-Galyas,M/Budapest 2002/CBM 90 ext (33)}) 16. Qe2 Bxf3
17. gxf3 Qg5+ 18. Kh1 Bd6 19. Rg1 Qh5 20. Rg2 O-O 21. e4 Bb8 $132 {1/2-1/2
Kurtz,M-Luers,E/ICCF 1999/ICCF tele 1/2002 (25)}) 15... Rc8 16. Bg5 (16. d5 e5
17. Be3 Qb5 18. b3 Bd6 19. Nb2 Nc5 20. Nxc4 Ncxe4 21. Bxe4 Nxe4 22. Qd3 f5 23.
Qxe4 $18 {1-0 Lorena,C-Martinez,R/Greenhills 1996/EXT 98 (26)}) 16... b3 (16...
Qc7 17. Bh4 b3 18. Bb1 Qa5 19. e5 Nd5 20. Ng5 Nf4 {1/2-1/2 Julia,E-Slipak,S/
Buenos Aires 1993/EXT 98 (20)}) 17. Bb1 Bb4 $6 (17... h6 18. Bd2 (18. Bxf6 Nxf6
19. Ne5 Bd6 20. Nxc4 Rxc4 21. Qxc4 Qh5 22. Qxb3 Qxh2+ 23. Kf1 Bxe4 24. Bxe4
Nxe4 25. Qf3 $16) 18... Qh5 19. d5 Ne5 20. Nb6 Rc7 21. Bf4 Nxf3+ 22. gxf3 e5
23. Bd2 $44) 18. Bd2 Qb5 $2 (18... O-O 19. Bxb4 Qxb4 20. Nc3 $44) 19. Bxb4 Qxb4
20. Nc3 Nb6 $2 {[%mdl 16384]} (20... O-O 21. Ra4 (21. e5 $5 Nd5 22. Ng5 h6 23.
Nge4 $44) 21... Qb6 22. Rxc4 $16) 21. d5 $1 {[%mdl 32]} exd5 $2 (21... O-O 22.
d6 (22. e5 Nfxd5 23. Bxh7+ Kxh7 24. Ng5+ Kg6 25. Qg4 f5 26. Qg3) 22... Nfd7 23.
e5 $44) 22. e5 Ne4 $2 (22... Nfd7 23. e6 fxe6 24. Qxe6+ Qe7 25. Qh3 Kf8 26. Nd4
$44) (22... Ng8 23. e6 f6 24. Nd4 Ne7 25. Qh5+ g6 26. Qh6 $44) (22... Nh5 23.
Ng5 g6 24. e6 f6 25. Nxh7 $40) 23. Nxe4 dxe4 24. Bxe4 Qe7 $2 (24... Bxe4 25.
Qxe4 {[%cal Ge5e6]} a5 (25... O-O 26. Ng5 g6 27. Qh4 h5 28. Ne4 $40) (25... h6
26. Rxa6 (26. Nd4 $5 O-O 27. Nf5 Qc5 28. Re1 Kh8 29. Qg4 Rg8 (29... g6 30. Qh4
$1 $18) 30. Qh4 $40) 26... O-O 27. e6 $1 $16) 26. e6 f6 (26... c3 27. exf7+
Kxf7 28. Ng5+ Kf6 29. Qe6+ Kxg5 30. f4+ $1 Qxf4 31. Rxa5+ $18) 27. Nd4 O-O 28.
Nf5 c3 29. Qb7 $18) 25. Rd6 $1 Na8 $2 (25... Bxe4 $142 26. Qxe4 Nd7 27. Qb7 $1
Rd8 28. Raxa6 O-O 29. Ra7 c3 30. Qxb3 cxb2 31. Qxb2 Qe8 $16) 26. Nd4 g6 (26...
Bxe4 27. Qxe4 O-O (27... c3 28. Qg4 Qc7 29. Qxg7 Rf8 30. bxc3 Qxc3 31. Rd1 $18)
28. Nf5 Qe8 29. Qh4 $1 Rc7 (29... c3 30. Qg5 g6 31. Nh6+ Kg7 32. Qf6+ Kxh6 33.
Rd4 $18) 30. Qg5 f6 (30... g6 31. Nh6+ Kg7 32. Qf6+ Kxh6 33. Rd4 $18) 31. exf6
c3 32. Ne7+ Rxe7 33. fxe7 $18) (26... O-O 27. Bxh7+ Kxh7 28. Qh5+ Kg8 29. Nf5
Qc7 (29... Qxe5 30. Nh6+ gxh6 31. Qxe5 $18) 30. Rh6 gxh6 31. Qg4+ Kh7 32. Qg7#)
27. Bc6+ $1 $18 Bxc6 (27... Kf8 28. Rd7 $18) 28. Nxc6 Qb7 (28... Qh4 29. e6 O-O
30. g3 Qg5 31. h4 Qc5 32. Ne7+ $18) 29. e6 $18 {[%mdl 4]} O-O (29... Rxc6 30.
exf7+ Kxf7 (30... Kf8 31. Qe8+ Kg7 32. Qxh8+ $18) 31. Qe6+ Kg7 32. Rd7+ $18)
30. Qxc4 Nb6 (30... Qc7 31. exf7+ Rxf7 32. Ne7+ Kf8 33. Rc6 $18) 31. exf7+ Rxf7
(31... Qxf7 32. Ne7+ Kg7 33. Qd4+ $18) (31... Kg7 32. Qd4+ Kh6 33. Qh4+ Kg7 34.
Qf6+ Kh6 35. Rd4 $18) 32. Qe6 Qc7 (32... Rcf8 33. Nd8 $18) 33. Ne5 Nc4 (33...
Nc4 34. Nxf7 Nxd6 35. Nxd6+ $18) (33... Qc1+ 34. Rd1 $18) 1-0

[Event "Montreal 4th"]
[Site "Montreal"]
[Date "2003.08.02"]
[Round "10"]
[White "Vera Gonzalez Quevedo, Reynaldo"]
[Black "Lesiege, Alexandre"]
[Result "1-0"]
[WhiteElo "2509"]
[BlackElo "2535"]
[Annotator "Huzman,A"]
[PlyCount "55"]
[EventDate "2003.07.23"]
[EventType "tourn"]
[EventRounds "11"]
[EventCountry "CAN"]
[EventCategory "11"]
[SourceTitle "CBM 097"]
[Source "ChessBase"]
[SourceDate "2003.11.11"]
[SourceVersion "1"]
[SourceVersionDate "2003.11.11"]
[SourceQuality "1"]

1. d4 d5 2. c4 dxc4 3. e3 Nf6 4. Bxc4 e6 5. Nf3 c5 6. Qe2 a6 7. dxc5 Bxc5 8.
O-O Nc6 9. e4 b5 10. Bb3 Nd4 11. Nxd4 Qxd4 12. Be3 Qe5 (12... Qxe4 13. Nd2 Qf5
14. g4 Qe5 (14... Nxg4 $146 15. Bxc5 Bb7 16. Rfe1 Rd8 17. Nf1 $2 {1/2-1/2
Lesiege,A-Krush,I/Bermuda 2002/CBM 88/[Huzman] (58)} (17. Rad1 $1 $16)) 15. Nf3
Qe4 16. Ng5 Qc6 17. Rac1 Bb7 18. f3 Bxe3+ 19. Qxe3 Qd6 20. Nxe6 $1 fxe6 21.
Bxe6 Kf8 $8 22. Rfd1 Qe7 23. g5 Re8 24. gxf6 gxf6 25. Qh6+ {1/2-1/2 Timman,
J-Lautier,J/Ubeda 1997/CBM 58/[Huzman] (60)} (25. Re1 $1 Rg8+ 26. Kf2 $16)) 13.
Bxc5 Qxc5 14. Nd2 (14. Nc3 Bb7 15. Rac1 (15. Rad1 $5 {Huzman}) 15... Rc8 16.
Qd2 Qb4 17. Rfd1 (17. e5 $5 Nd7 18. Rfd1 $1 $36) 17... O-O $11 {1/2-1/2
Radjabov,T-Kasparov,G/Linares 2003/CBM 94/[Huzman] (39)}) 14... Bb7 15. e5 Nd7
16. Rfe1 Rd8 $6 (16... O-O 17. Rac1 Qb6 18. Rc3 $1 $40 {[%cal Gc3g3]} Rfd8 19.
Rg3 Nf8 $132) 17. Nf1 (17. Rac1 $2 Qxe5 $1 18. Qg4 h5 $1 19. Qh3 Qg5 $17) 17...
O-O 18. Rac1 Qb6 (18... Qd4 19. Rc7 Qb6 20. Rc3 {-leads to the position from
the game.}) 19. Rc3 $1 Rc8 {Now it is clear that 16...Rd8 was the loss of
tempo.} 20. Rg3 Rc5 (20... Rfd8 21. Qg4 g6 22. h4 $40) 21. Qd2 Qc6 (21... Nxe5
22. Rxe5 $1 Rxe5 23. Qh6 g6 24. Rh3 Rh5 25. Rxh5 gxh5 26. Ng3 (26. Qg5+ Kh8 27.
Qf6+) 26... Qd4 27. Nxh5 Rc8 28. h3 Be4 29. Bxe6 $40) 22. Qh6 g6 23. f4 {
[%cal Gf4f5]} Nb6 $2 {This move is a mistake as Nd5 was the only defender of
Kg8.} (23... Rc8 $5 {[%cal Yd7f8]} 24. f5 (24. h4 Rc1 25. Rxc1 Qxc1 26. h5 Nxe5
27. hxg6 Nxg6 28. Rh3 Qxb2 $17) 24... Qb6 25. Bxe6 $1 (25. Kh1 Rxe5 26. fxg6
fxg6) 25... Rxe5+ 26. Ne3 Rxe6 $1 (26... fxe6 27. fxg6 hxg6 28. Qxg6+ Kf8 29.
Qh7 Ke8 30. Rg7 $18) 27. fxe6 Qxe6 $44) 24. h4 (24. Re2 $1 $18 {[%cal Gg3h3]})
(24. Ne3 $5 {[%cal Ge3g4,Gg4f6]} Rc1 25. Rh3 $1 Rxe1+ 26. Kf2 Rd8 27. Qxh7+ Kf8
28. Qh8+ Ke7 29. Qf6+ $18) 24... Rc1 $2 (24... Nc4 25. Bxc4 Rxc4 26. Ne3 Rc1
27. Rxc1 Qxc1+ 28. Kh2 Qxb2 29. Ng4 $18) 25. f5 $1 {[%csl Rc1][%cal Gh6c1,
Ge1c1]} Rc8 (25... Rxe1 26. f6 Rxf1+ 27. Kh2 $18) 26. Rxc1 (26. fxg6 hxg6 27.
Rxc1 Qxc1) 26... Qxc1 27. fxg6 hxg6 28. Rxg6+ (28. Rxg6+ fxg6 29. Bxe6#) 1-0

[Event "RUS-ch"]
[Site "Elista"]
[Date "1994.??.??"]
[Round "9"]
[White "Ionov, Sergey"]
[Black "Ibragimov, Ildar"]
[Result "1-0"]
[WhiteElo "2525"]
[BlackElo "2480"]
[Annotator "Kharitonov,A"]
[PlyCount "63"]
[EventDate "1994.09.??"]
[EventType "swiss"]
[EventRounds "11"]
[EventCountry "RUS"]
[SourceTitle "CBM 044"]
[Source "ChessBase"]
[SourceDate "1995.02.01"]
[SourceVersion "1"]
[SourceVersionDate "1995.02.01"]
[SourceQuality "1"]

1. d4 d5 2. c4 dxc4 3. e3 Nf6 4. Bxc4 e6 5. Nf3 c5 6. O-O a6 7. Qe2 b5 8. Bb3
Bb7 9. a4 b4 $6 $146 (9... Nbd7 10. axb5 axb5 11. Rxa8 Qxa8 12. Nc3 b4 13. Nb5
Bxf3 (13... Qa5 14. e4 Be7 15. e5 Ne4 16. Rd1 cxd4 17. Nfxd4 O-O $2 (17... Nec5
$32 18. Bc2 O-O $13) 18. Nxe6 fxe6 19. Bxe6+ Kh8 20. Rxd7 $18 {Meister,
Y-Ivanov,V-URS/1991/0,5/41/}) 14. gxf3 (14. Qxf3 $5 Qxf3 15. gxf3 {^^ Anand/})
14... Qb8 15. Rd1 Be7 16. e4 cxd4 17. Nxd4 Bd6 $14 {Yusupov,A-Anand,V/Las
Palmas/1993/0,5/28/}) 10. Rd1 Nbd7 11. Nbd2 Be7 12. Nc4 Bd5 13. Nfe5 $1 cxd4 (
13... O-O 14. Nxd7 Nxd7 15. e4 Bxc4 16. Bxc4 $16) 14. exd4 O-O (14... Nxe5 $2
15. dxe5 Nd7 16. Nd6+ Bxd6 17. Bxd5 exd5 18. exd6+ $18) 15. Bf4 $14 Ra7 (15...
Nxe5 16. dxe5 Nd7 17. Bc2 $14) 16. Bc2 Qa8 $6 (16... a5 $5) 17. Nxd7 Nxd7 18.
Ne3 Be4 $2 (18... Nf6 $5 19. a5 $14) 19. d5 $1 $16 Bxc2 (19... exd5 20. Bxe4
dxe4 21. Nd5 Bc5 22. Qxe4 Re8 23. Qf3 $16) 20. Qxc2 Rc8 21. Qe2 exd5 (21... e5
22. Bg3 $16) 22. Nxd5 Bf8 23. Be3 Rb7 (23... Bc5 24. Bxc5 Rxc5 25. Nxb4 $16)
24. Rac1 Nc5 (24... Rxc1 25. Rxc1 a5 26. h3 $16) 25. Qg4 $1 Kh8 (25... Nd7 26.
Rxc8 Qxc8 27. Nf6+ $18) 26. a5 $1 Nd7 27. Nb6 Nxb6 28. axb6 $18 {o^b6+-} Rxc1 (
28... Rd8 29. Rxd8 Qxd8 30. Qc8 $18) 29. Rxc1 Rb8 30. Qd7 Qe4 31. Qc7 (31. Qxf7
$18) 31... Rb7 (31... Qe8 32. b7 {/\Ba7+-}) 32. Qc8 $138 (32. Qc8 Kg8 33. Bc5
$18) (32. Qc8 Qe7 33. Bc5 $18) 1-0